000 00749nam a2200217 i 4500
001 bg
245 0 0 _aSmarowanie układów jezdnych maszyn roboczych i pojazdów /
_cRyszard Czarny (red.) ; Politechnika Wrocławska. Wydział Mechaniczny. Instytut Konstrukcji i Eksploatacji Maszyn.
260 _aWrocław :
_bOficyna Wydawnicza PW,
_c1998.
300 _a248, [1] s. :
_brys.,fot., wykr. ;
_c24 cm.
490 1 _aNavigator,
_x1425-0993 ;
_v11
504 _aBibliogr. przy rozdz.
650 9 _aSmary
_xstosowanie
650 9 _aTrybologia
_xzagadnienia
700 1 _aCZARNY, Ryszard.
_eRed.
830 _aNavigator,
_x1425-0993 ;
040 _cBPK
041 0 _apl
080 _a621.89
942 _cKS
008 s pl f |000 0 pol
999 _c34499
_d34499
856 _uhttp://koha.tu.koszalin.pl/cgi-bin/koha/opac-detail.pl?biblionumber=34499
_yKatalog online BPK